00625nam a2200157 a 450000500170000000800410001702000180005805000260007610000260010224500800012826000560020830000110026465000550027599900190033095201180034920140412111235.0001115s19uu xx 00 eng d a0-89187-585-9 aTR(GS 421.07bWOO L.E aWoodruff, G. Williard aWorking words in spelling, level E /cG Williard Woodruff, George N. Moore. aNorth Billerica, MA :bCurriculum Ass., Inc,c1981. a128 p. aEnglish language -- spelling -- study and teaching c102417d102417 00104050aELbELcTRd2000-11-15eDonationl0oTR(GS 421.07 WOO L.EpE1667r2014-04-12 00:00:00w2014-04-12yBK